000 00307nam a2200097Ia 4500
082 _a344.35068 CORR
245 0 _aCorrectional Services Act 111 of 1998 & regulations and related material
100 _a South Africa Cape Town, 2011
_942088
942 _cBK
008 210817s9999 xx 000 0 und d
999 _c143360
_d143359